UFOs and popular culture: an encyclopedia of contemporary myth
| Main Author: | |
|---|---|
| Contributors: | |
| Format: | Print Book |
| Language: | English |
| Subito Delivery Service: | Order now. |
| Check availability: | HBZ Gateway |
| WorldCat: | WorldCat |
| Interlibrary Loan: | Interlibrary Loan for the Fachinformationsdienste (Specialized Information Services in Germany) |
| Published: |
Santa Barbara, Calif. [u.a.]
ABC-CLIO
2000
|
| In: | Year: 2000 |
| Standardized Subjects / Keyword chains: | B
UFO
/ Folk culture
|
| Further subjects: | B
Unidentified flying objects
B Dictionary B Encyclopaedia B Popular Culture |
| Online Access: |
Publisher description Table of contents |
MARC
| LEADER | 00000cam a2200000 c 4500 | ||
|---|---|---|---|
| 001 | 334426316 | ||
| 003 | DE-627 | ||
| 005 | 20251222220631.0 | ||
| 007 | tu | ||
| 008 | 010926s2000 xxu||||| 00| ||eng c | ||
| 010 | |a 00010925 | ||
| 016 | 7 | |a 1576072657 |2 UK | |
| 020 | |a 1576072657 |c (hard : alk. paper) |9 1-57607-265-7 | ||
| 024 | 8 | |a 100-10925 |q Identnummer | |
| 035 | |a (DE-627)334426316 | ||
| 035 | |a (DE-576)090924010 | ||
| 035 | |a (DE-599)GBV334426316 | ||
| 035 | |a (OCoLC)845448304 | ||
| 040 | |a DE-627 |b ger |c DE-627 |e rakwb | ||
| 041 | |a eng | ||
| 044 | |c XD-US |c XA-GB | ||
| 050 | 0 | |a TL789 | |
| 050 | 0 | |a TL789.L485 2000 | |
| 082 | 0 | |a 001.94203 | |
| 082 | 0 | |a 001.942/03 |q LOC |2 21 | |
| 084 | |a 0 |2 ssgn | ||
| 084 | |a LC 32000 |q OBV |2 rvk |0 (DE-625)rvk/90642:772 | ||
| 084 | |a 11.97 |2 bkl | ||
| 084 | |a 73.56 |2 bkl | ||
| 100 | 1 | |0 (DE-588)130134112 |0 (DE-627)491719396 |0 (DE-576)167227947 |4 aut |a Lewis, James R. |d 1949-2022 | |
| 109 | |a Lewis, James R. 1949-2022 |a Lewis, James 1949-2022 |a Pundit Singh 1949-2022 |a Singh, Pundit 1949-2022 | ||
| 245 | 1 | 0 | |a UFOs and popular culture |b an encyclopedia of contemporary myth |c James R. Lewis. [Foreword by Thomas E. Bullard] |
| 264 | 1 | |a Santa Barbara, Calif. [u.a.] |b ABC-CLIO |c 2000 | |
| 300 | |a XL, 393 S |b zahlr. Ill., Kt |c 27 cm | ||
| 336 | |a Text |b txt |2 rdacontent | ||
| 337 | |a ohne Hilfsmittel zu benutzen |b n |2 rdamedia | ||
| 338 | |a Band |b nc |2 rdacarrier | ||
| 500 | |a Includes bibliographical references and index | ||
| 505 | 8 | |a Literaturangaben | |
| 583 | 1 | |a Archivierung prüfen |c 20200919 |f DE-640 |z 2 |2 pdager | |
| 583 | 1 | |a Archivierung/Langzeitarchivierung gewährleistet |c 20211213 |f SLG |x XA-DE-BW |z IGPP |2 pdager |5 DE-25 | |
| 601 | |a Popularen | ||
| 650 | 0 | |a Unidentified flying objects | |
| 650 | 0 | |a Popular Culture | |
| 655 | 7 | |a Wörterbuch |0 (DE-588)4066724-8 |0 (DE-627)104682620 |0 (DE-576)209166061 |2 gnd-content | |
| 655 | 7 | |a Enzyklopädie |0 (DE-588)4014986-9 |0 (DE-627)104675322 |0 (DE-576)208910085 |2 gnd-content | |
| 689 | 0 | 0 | |d s |0 (DE-588)4078498-8 |0 (DE-627)106077163 |0 (DE-576)209208945 |2 gnd |a UFO |
| 689 | 0 | 1 | |d s |0 (DE-588)4063849-2 |0 (DE-627)106126148 |0 (DE-576)209150726 |2 gnd |a Volkskultur |
| 689 | 0 | |5 (DE-627) | |
| 700 | 1 | |0 (DE-588)1311894012 |0 (DE-627)1871789354 |4 oth |a Bullard, Thomas E. |d 1949- | |
| 856 | 4 | 2 | |u http://www.loc.gov/catdir/description/abcclio041/00010925.html |x Verlag |y Publisher description |7 1 |
| 856 | 4 | 2 | |u http://www.loc.gov/catdir/toc/fy031/00010925.html |x Verlag |y Table of contents |7 1 |
| 935 | |i Blocktest | ||
| 936 | r | v | |a LC 32000 |b Darstellung ohne geografischen Bezug |k Sozial- und Kulturanthropologie. Empirische Kulturwissenschaft |k Religionsethnologie |k Mythologie und Kosmologie |k Darstellung ohne geografischen Bezug |0 (DE-627)1271680076 |0 (DE-625)rvk/90642:772 |0 (DE-576)201680076 |
| 936 | b | k | |a 11.97 |j Neue religiöse Bewegungen |j Sekten |0 (DE-627)181570408 |
| 936 | b | k | |a 73.56 |j Mythologie |x Ethnologie |0 (DE-627)106411063 |
| 951 | |a BO | ||
| ELC | |b 1 | ||
| ORI | |a SA-MARC-ixtheo_oa001.raw | ||
| REL | |a 1 | ||
| STA | 0 | 0 | |a Folk culture,Folk culture,Popular culture,Popular lifestyles,UFO,Unknown flying object |
| STB | 0 | 0 | |a Culture populaire,Culture populaire,Culture de masse,Ovni |
| STC | 0 | 0 | |a Cultura popular,Cultura popular,OVNI |
| STD | 0 | 0 | |a Cultura popolare,Cultura popolare,UFO |
| STE | 0 | 0 | |a 不明飞行物,未确认飞行物,民间文化,民俗文化 |
| STF | 0 | 0 | |a 不明飛行物,未確認飛行物,民間文化,民俗文化 |
| STG | 0 | 0 | |a Cultura popular,Cultura popular,Ovni |
| STH | 0 | 0 | |a НЛО,Народная культура (мотив),Народная культура |
| STI | 0 | 0 | |a UFO,Λαϊκός πολιτισμός <μοτίβο>,Λαϊκός πολιτισμός,Λαϊκή κουλτούρα,Λαϊκή κουλτούρα (μοτίβο) |
| SUB | |a REL | ||
| SYG | 0 | 0 | |a Fliegende Untertasse,Unbekanntes Flugobjekt,Unidentified flying object , Volk,Populärkultur,Popularkultur,Volksleben,Folklore |



